[Event "Nordic-ch U13 Girls"]
[Site "Alta"]
[Date "2016.04.29"]
[Round "1"]
[White "Hoyerup, Mikala"]
[Black "Wass, Elsa"]
[Result "0-1"]
[WhiteElo "1596"]
[BlackElo "1122"]
[PlyCount "64"]
[EventDate "2016.04.29"]
[EventType "swiss"]
[EventRounds "5"]
[EventCountry "NOR"]
[SourceTitle "EXT 2024"]
[Source "ChessBase"]
[SourceDate "2023.10.10"]
[SourceVersion "1"]
[SourceVersionDate "2023.10.10"]
[SourceQuality "1"]

1. e4 e5 2. Nf3 Nc6 3. Bc4 Bc5 4. Nc3 Nf6 5. d3 h6 6. h3 d6 7. b3 Bb4 8. Bb2 d5 9. a3 Bxc3+ 10. Bxc3 dxc4 11. bxc4 Qd6 12. 0-0 0-0 13. Re1 Re8 14. a4 b6 15. Bb2 Bb7 16. c3 Rad8 17. Re3 Qd7 18. Qc2 Nh5 19. Rd1 Nf4 20. Ba3 Na5 21. c5 Nc4 22. Ree1 Nxa3 23. Qb3 Qe6 24. Qxa3 Qg6 25. Nh4 Qg5 26. g3 Nxd3 27. Re3 Nxc5 28. Rxd8 Rxd8 29. Nf3 Qf6 30. Nh4 Bxe4 31. a5 Rd1+ 32. Kh2 Rh1# 0-1